| 000 | 00433nam a2200193Ia 4500 | ||
|---|---|---|---|
| 005 | 20240823052805.0 | ||
| 008 | 240823s9999||||xx |||||||||||||| ||und|| | ||
| 020 | _a978-81-291-2379-4 | ||
| 041 | _aENGLISH | ||
| 082 | _A813.52 Q3 | ||
| 100 | _aEdgar Rice Burroughs | ||
| 245 | 2 | _aA Princess of Mars | |
| 250 | _a1st | ||
| 260 |
_c2013 _bRup |
||
| 500 | _aYES | ||
| 650 |
_aStories _bGeneral |
||
| 942 | _cBK | ||
| 999 |
_c222690 _d222690 |
||